[Event "ROM-ch U08"]
[Site "Calimanesti Caciulata"]
[Date "2019.04.21"]
[Round "8"]
[White "Savin, Vlad"]
[Black "Botea, Theodor Andrei"]
[Result "0-1"]
[WhiteElo "1001"]
[BlackElo "1001"]
[PlyCount "46"]
[EventDate "2019.04.15"]
[EventType "swiss"]
[EventRounds "9"]
[EventCountry "ROU"]
[SourceTitle "CBM 190 Extra"]
[Source "ChessBase"]
[SourceDate "2019.07.15"]
[SourceVersion "1"]
[SourceVersionDate "2019.07.15"]
[SourceQuality "1"]

1. e4 c5 2. Bc4 Nc6 3. Nf3 h6 4. 0-0 Nf6 5. d4 e5 6. d5 Nd4 7. Nxd4 cxd4 8. Bb3 Nxe4 9. Qd3 Nc5 10. Qc4 Nxb3 11. Qxb3 d6 12. c3 dxc3 13. Qxc3 Bf5 14. Nd2 Be7 15. Kh1 Bg5 16. g4 Bxg4 17. f3 Bh3 18. Rf2 Qb6 19. Re2 Bh4 20. Re4 Qf2 21. Rg4 Bxg4 22. fxg4 Bf6 23. Nc4 Qf1# 0-1

[Event "ROM-ch U08"]
[Site "Calimanesti Caciulata"]
[Date "2019.04.18"]
[Round "5"]
[White "Petcu, Alexandru Florin"]
[Black "Botea, Theodor Andrei"]
[Result "1-0"]
[WhiteElo "1033"]
[BlackElo "1001"]
[PlyCount "22"]
[EventDate "2019.04.15"]
[EventType "swiss"]
[EventRounds "9"]
[EventCountry "ROU"]
[SourceTitle "CBM 190 Extra"]
[Source "ChessBase"]
[SourceDate "2019.07.15"]
[SourceVersion "1"]
[SourceVersionDate "2019.07.15"]
[SourceQuality "1"]

1. d4 d5 2. e3 Nc6 3. Nf3 Nf6 4. Bd3 Bg4 5. Nbd2 e5 6. Be2 Bb4 7. c3 exd4 8. cxb4 dxe3 9. fxe3 Nxb4 10. Bb5+ Nc6 11. Bxc6+ bxc6 1-0